000 00563nam a2200229Ia 4500
003 OSt
005 20220924150515.0
006 a|||||r|||| 00| 0
007 ta
008 220923b |||||||| |||| 00| 0 tel d
024 _a333408
037 _cTextual
040 _aARTS
_cARTS
_btel
041 _2tel
_atel
082 _aO35,1NBHAx, N8
100 _aBhallam S.R.
_9222287
245 0 _aNeeti bhoomi
260 _c1998
650 _aTELUGU POETRY
942 _hO35,1NBHAx, N8
_cTEXL
_2CC
999 _c463590
_d463590